000 00232nam a22000857a 4500
008 160708b xxu||||| |||| 00| 0 eng d
100 _92428
_a Durr, W.K
245 _aTeachers Guide for Rockets
260 _aBoston
_b Houghton Muffin
_c1976
999 _c2102
_d2102